Malabar (Record no. 487434)

000 -LEADER
fixed length control field 00342cam a22001217a 4500
008 - FIXED-LENGTH DATA ELEMENTS--GENERAL INFORMATION
fixed length control field 180718b1951 xxu||||| |||| 00| 0 eng d
082 ## - DEWEY DECIMAL CLASSIFICATION NUMBER
Classification number A75x5452 M267m
245 ## - TITLE STATEMENT
Title Malabar
Statement of responsibility, etc. by William Logan
260 ## - PUBLICATION, DISTRIBUTION, ETC.
Place of publication, distribution, etc. Madras
Name of publisher, distributor, etc. Government of Madras
Date of publication, distribution, etc. 1951
300 ## - PHYSICAL DESCRIPTION
Extent 2 vols.
500 ## - GENERAL NOTE
General note Library has v.1. 759+p;v.2. cccxxiip.
700 ## - ADDED ENTRY--PERSONAL NAME
Personal name Logan, William
Holdings
Withdrawn status Lost status Damaged status Not for loan Permanent Location Current Location Date acquired Full call number Barcode Date last seen Price effective from Koha item type
        Indian Institute of Public Administration Indian Institute of Public Administration 2018-08-04 A75x5452 M267m G442 2018-08-04 2018-08-04 G
        Indian Institute of Public Administration Indian Institute of Public Administration 2018-08-04 A75x5452 M267m G441 2018-08-04 2018-08-04 G

Powered by Koha